Asentamientos humanos pobreza y género: seminario taller latino americano
Tallennettuna:
| Päätekijät: | , |
|---|---|
| Aineistotyyppi: | Kirja |
| Kieli: | espanja |
| Julkaistu: |
Santiago
Agencia Alemana de Cooperación Técnica
1996
Santiago Ministerio de Vivienda y Urbanismo de Chile 1996 Santiago Programa de Gestión Urbana de las Naciones Unidas 1996 |
| Aiheet: | |
| Tagit: |
Lisää tagi
Ei tageja, Lisää ensimmäinen tagi!
|
MARC
| LEADER | 00000nam a2200000 a 4500 | ||
|---|---|---|---|
| 001 | UCK4234 | ||
| 003 | CL-VaPUC | ||
| 005 | 20250228090215.0 | ||
| 008 | 050527e19960000cl 1 spa d | ||
| 020 | |a 9567674000 | ||
| 044 | |a cl |2 marc | ||
| 044 | |a cl |2 marc | ||
| 044 | |a cl |2 marc | ||
| 082 | 0 | 4 | |a 307.14 |b PIN |2 21 |
| 100 | 1 | |a Pineda, Marcia |e author |9 620718 | |
| 700 | 1 | |a Sugranyes, Ana |e author |9 620719 | |
| 245 | 1 | 0 | |a Asentamientos humanos pobreza y género: seminario taller latino americano |
| 260 | |a Santiago |b Agencia Alemana de Cooperación Técnica |c 1996 | ||
| 260 | |a Santiago |b Ministerio de Vivienda y Urbanismo de Chile |c 1996 | ||
| 260 | |a Santiago |b Programa de Gestión Urbana de las Naciones Unidas |c 1996 | ||
| 300 | |a 241 p | ||
| 583 | |a last modification |c 20190823 10:47:23 |k Rodrigo Vera | ||
| 650 | 0 | 0 | |a Asentamientos humanos |9 316963 |
| 650 | 0 | 0 | |a Pobreza |9 258652 |
| 650 | 0 | 7 | |a PARTICIPACION DE LA MUJER |2 CL-VaPUC |9 324666 |
| 650 | 0 | 0 | |a Vivienda |9 258662 |
| 650 | 0 | 0 | |a Urbanización |9 265706 |
| 650 | 0 | 0 | |a Planificación urbana |9 258176 |
| 942 | |c BK | ||
| 945 | |a cmena |d 20050527 00:00:00 | ||
| 546 | |a En Español | ||
| 536 | |a GTZ | ||
| 536 | |a MINVU | ||
| 536 | |a PGU | ||
| 518 | |p Asentamientos Humanos Pobreza y Género, 1, Santiago de Chile, 1996 | ||
| 999 | |c 384128 |d 384126 | ||
| 952 | |0 0 |1 0 |4 0 |6 307_140000000000000_PIN_1996 |7 0 |8 A |9 506603 |a BIBARQ |b BIBARQ |d 2020-01-23 |i 4131304 |o 307.14 PIN 1996 |p 4131304 |r 2025-01-20 |w 2020-01-23 |y BK |k ARQ | ||